• 首页
  • 本馆介绍
  • 公告通知
  • 最新文献
  • 馆藏检索
  • 电子资源
  • 读者导购
  • 参考咨询
  • 我的图书馆
  • 登录
  • 详细信息显示
  • 放入我的书架
  • 预约/预借图书
  • 作者相关作品
  • 分类相关作品
  • 丛书相关作品
  • 出版社相关作品

书目信息

  • 表格格式
  • 工作单格式
  • 卡片格式
题名:
化学元素概念的演变
    
 
作者: 凯德洛夫 著 ;陈益开 , 袁绍渊 译
分册:  
出版信息: 北京   科学出版社  1985
页数: 270页
开本: 26cm
丛书名:
单 册:
中图分类: O6-09
科图分类:
主题词: 化学--理论 , 化学--方法
电子资源:
ISBN:
000 00821nam0 2200289 45
001 0185010812
005 20040519161132.4
010    @b精装@dCNY5.20
091    @a13031.2868
100    @a19900816d1985 em y0chiy0121 ea
101 1  @achi@crus
102    @aCN@b110000
105    @af z 000yy
106    @ar
200 10 @a化学元素概念的演变@Ahua xue yuan su gai nian de yan bian@f(苏)凯德洛夫著@g陈益开, 袁绍渊译
210    @a北京@c科学出版社@d1985
215    @a270页@c图表@d26cm
300    @a根据1956年俄文版译出
606 0  @a化学@x理论
606 0  @a化学@x方法
690    @aO6-09
701  1 @a凯德洛夫@Akai de luo fu@4著
702  0 @a陈益开@Achen yi kai@4译
702  0 @a袁绍渊@Ayuan shao yuan@4译
801  0 @aCN@b深圳图书馆@c20040519
801  2 @aCN@bNLC@c20040519
905    @f1@b133952@dO6-09@e159
    
    化学元素概念的演变/(苏)凯德洛夫著/陈益开, 袁绍渊译.-北京:科学出版社,1985
    270页:图表;26cm
    根据1956年俄文版译出
    
    ISBN (精装):CNY5.20
    
●
相关链接 在E读中查询图书 在五车中查询图书 在当当中查询图书 在豆瓣中查询图书


正题名:化学元素概念的演变     索取号:O6-09/159         预约/预借

序号 登录号 条形码 馆藏地/架位号 状态 备注
1 0133952   000339663   第三借阅区/ [索取号:O6-09/159] 在馆    
2 0133953   202100788   第二样本阅览室/ [索取号:O6-09/159] 在馆    
唐山师范学院图书馆 欢迎您!
大连网信软件有限公司© 版权所有